000 00556nam a2200193Ia 4500
005 20250326141135.0
008 250326s9999 xx 000 0 und d
020 _a0-13-577057-2
037 _aTextbook
040 _aFMSL
_beng
_cFMSL
041 _aeng
_2eng
084 _aX:51y7 N6
_qFMSL
100 _aQuelch J A
_9742509
245 0 _aCases in marketing management and strategy
_cQuelch J A
260 _aUnited Kingdom
_bUnited Kingdom, Prentice-Hall
_c1996
300 _a518p
942 _cTB
_hX:51y7 N6
999 _c1288887
_d1288887